Essentials of Marketing Analytics (Record no. 13192)
[ view plain ]
| 000 -LEADER | |
|---|---|
| fixed length control field | 00433nam a22001817a 4500 |
| 003 - CONTROL NUMBER IDENTIFIER | |
| control field | OSt |
| 008 - FIXED-LENGTH DATA ELEMENTS--GENERAL INFORMATION | |
| fixed length control field | 250401b |||||||| |||| 00| 0 eng d |
| 020 ## - INTERNATIONAL STANDARD BOOK NUMBER | |
| International Standard Book Number | 9789355327192 |
| 082 ## - DEWEY DECIMAL CLASSIFICATION NUMBER | |
| Classification number | 658.832 HAE |
| 100 ## - MAIN ENTRY--PERSONAL NAME | |
| Personal name | HAIR,Joseph F |
| 245 ## - TITLE STATEMENT | |
| Title | Essentials of Marketing Analytics |
| 260 ## - PUBLICATION, DISTRIBUTION, ETC. (IMPRINT) | |
| Place of publication, distribution, etc | New Delhi |
| Name of publisher, distributor, etc | TMH |
| Date of publication, distribution, etc | 2025 |
| 300 ## - PHYSICAL DESCRIPTION | |
| Extent | 492 |
| 700 ## - ADDED ENTRY--PERSONAL NAME | |
| Personal name | HARRISON,Dana E |
| 700 ## - ADDED ENTRY--PERSONAL NAME | |
| Personal name | AJJAN,Haya |
| 700 ## - ADDED ENTRY--PERSONAL NAME | |
| Personal name | ADHIKARI,Atanu |
| 942 ## - ADDED ENTRY ELEMENTS (KOHA) | |
| Source of classification or shelving scheme | Dewey Decimal Classification |
| Koha item type | Text Books |
| Withdrawn status | Lost status | Source of classification or shelving scheme | Damaged status | Not for loan | Collection code | Home library | Current library | Date acquired | Source of acquisition | Currency | Cost, normal purchase price | Bill Number | Total Checkouts | Full call number | Acc. no. / Barcode | Date last seen | Actual Cost, discounted price | Bill Date | Koha item type | Checked out | Date last borrowed | Public note |
|---|---|---|---|---|---|---|---|---|---|---|---|---|---|---|---|---|---|---|---|---|---|---|
| Dewey Decimal Classification | MBA | PIET C-LIBRARY | PIET C-LIBRARY | 28/03/2025 | Zaffa Books | INR | 925.00 | ZBD0591 | 658.832 HAE | 38821 | 01/04/2025 | 629.00 | 28/03/2025 | Reference Books | ||||||||
| Dewey Decimal Classification | MBA | PIET C-LIBRARY | PIET C-LIBRARY | 28/03/2025 | Zaffa Books | INR | 925.00 | ZBD0591 | 1 | 658.832 HAE | 38822 | 22/08/2025 | 629.00 | 28/03/2025 | Text Books | 10/03/2026 | 22/08/2025 | |||||
| Dewey Decimal Classification | BBA | PIET C-LIBRARY | PIET C-LIBRARY | 05/03/2026 | Indian Books and Distributors | INR | 925.00 | CRB-013/2025-26 | 658.832 HAE | 39918 | 07/03/2026 | 647.50 | 05/03/2026 | Text Books | Decentrilization | |||||||
| Dewey Decimal Classification | MBA | PIET C-LIBRARY | PIET C-LIBRARY | 26/02/2026 | Zaffa Books | INR | 925.00 | ZBD0461 | 658.832 HAE | 39938 | 07/03/2026 | 647.50 | 26/02/2026 | Text Books | ||||||||
| Dewey Decimal Classification | MBA | PIET C-LIBRARY | PIET C-LIBRARY | 26/02/2026 | Zaffa Books | INR | 925.00 | ZBD0461 | 658.832 HAE | 39939 | 07/03/2026 | 647.50 | 26/02/2026 | Text Books | ||||||||
| Dewey Decimal Classification | MBA | PIET C-LIBRARY | PIET C-LIBRARY | 26/02/2026 | Zaffa Books | INR | 925.00 | ZBD0461 | 658.832 HAE | 39940 | 07/03/2026 | 647.50 | 26/02/2026 | Text Books | ||||||||
| Dewey Decimal Classification | MBA | PIET C-LIBRARY | PIET C-LIBRARY | 26/02/2026 | Zaffa Books | INR | 925.00 | ZBD0461 | 658.832 HAE | 39941 | 07/03/2026 | 647.50 | 26/02/2026 | Text Books |